000 00890cam a22002295a 4500
008 110419s1999 xxk f 000 0 eng d
020 _a0854069550
035 _a(Sirsi) u152737
041 0 _aeng
050 0 4 _a692.5 $2 18
110 2 _aRoyal Institution of Chartered Surveyors
_bScotland
_93082
245 0 0 _aAppointing a quantity surveyor in Scotland
_ba guide for clients and surveyors
260 _aLondon
_bRICS
_c1999
350 _a0
490 0 _aRICS Scotland Guidance Note
490 0 _aRICS Conditions of Engagement
520 _aIntended to provide both the client and the quantity surveyor with information on the processes of contracting in Scotland. Includes a form of enquiry, schedule of services, fee offer, form of agreement and terms of appointment.
651 4 _aScotland
_y1999-
690 _aQuantity surveying
_96263
942 _n0
948 _c17/05/1999
999 _c112193
_d112193